01725cam a2200373 a 450000100100000000500170001000800410002702000150006804000250008308200170010824502190012524600820034426000590042630000280048550400420051365000660055565000680062165000830068970000400077270000300081270000240084270000280086670000380089470000370093270000360096970000390100570000300104470000430107470000300111770000360114770000360118395201150121999900170133400001451720200929163850.0020520s2001 cl a b 000 0 spa d a9803171828 aDO-SdBNPbspacBNPHU a304.28bE19i00aEcología de la información :bescenarios y actores para la participación ciudadana en asuntos ambientales /cEduardo Gudynas... [et al.]; editor ; Rodrigo Araya Dujisin ; edición al cuidado de Nora López.30aEscenarios y actores para la participación ciudadana en asuntos ambientales aCaracas, Venezuela :bEditorial Nueva Sociedad,c2001. a147 p. :bil. ;c23 cm. aIncluye referencias bibliográficas. 4aEcologíazAmérica LatinaxFuentes de información932817 4aEcologíazAmérica LatinaxServicios de información932818 4aPolítica medio ambientalzAmérica LatinaxParticipación ciudadana9328191 aAraya Dujisin, Rodrigo.eed.9328201 aLópez, Noraeed.9328211 aRyan, Daniel9328221 aSvirsky, Enrique9328231 aPignataron Otman, Gabriela9328241 aCastañares Maddox, Eric9328251 aRodríguez Aldabe, Yosu9328261 aTorres larrañaga, Valeria9328271 aGorfinkiel, Denise9328281 aGarcía Rodríguez, Francisco9328291 aGalperín, Carlos9328301 aDa Costa Ferreira, Leila9328311 aRojas Aravena, Francisco931494 001050718MOaGRbGRcCTd2010-01-13iLF1l0o304.28 E19ip14517-10r2020-06-25w2020-06-25y1ZNo se presta c14106d14106